Deutsche Fussball Logos - Zufällig - Statistiken

Allgemein
  • Dieses Quiz wurde 1.006 mal gespielt
  • Das Durchschnittsergebnis liegt bei 11 aus 12
Antwortstatistiken
Bildquiz Antwort % Korrekt
1. FC Köln
100%
Eintracht Frankfurt
99%
Hertha BSC
99%
Bayer Leverkusen
98%
Dynamo Dresden
98%
FC Bayern München
98%
FC St. Pauli
98%
Hannover 96
98%
Schalke 04
98%
SV Werder Bremen
98%
TSG Hoffenheim
98%
VfL Wolfsburg
98%
1. FC Nürnberg
97%
Borussia Dortmund
97%
1. FC Kaiserslautern
96%
1. FSV Mainz 05
96%
Borussia M'gladbach
96%
VfB Stuttgart
96%
Eintracht Braunschweig
95%
FC Erzgebirge Aue
95%
Hamburger SV
95%
RB Leipzig
95%
SC Freiburg
95%
SC Paderborn 07
95%
1. FC Magdeburg
94%
1. FC Union Berlin
94%
FC Augsburg
94%
Fortuna Düsseldorf
94%
SV Darmstadt 98
94%
Alemannia Aachen
93%
DSC Arminia Bielefeld
93%
Holstein Kiel
93%
TSV 1860 München
93%
VfL Bochum 1848
92%
Hansa Rostock
91%
Karlsruher SC
91%
Rot-Weiss Essen e.V.
91%
SSV Jahn Regensburg
91%
SPVGG Greuther Fürth
90%
VfL Osnabrück
90%
1. FC Heidenheim
89%
1. FC Saarbrücken
89%
FC Energie Cottbus
88%
FC Ingolstadt 04
87%
SC Preußen Münster
87%
SSV Ulm
87%
SV Sandhausen
87%
FC Carl Zeiss Jena
86%
Kickers Offenbach
86%
SV Elversberg
85%
SV Wehen Wiesbaden
84%
SV Waldhof Mannheim 07
83%
Hallescher FC
77%
MSV Duisburg
77%
SV Meppen 1912 e.V.
69%
FC Würzburger Kickers
68%
SV Stuttgarter Kickers e.V.
68%
1. FC Lokomotive Leipzig
66%
FC Viktoria Köln 1904
65%
FSV Zwickau
65%
Chemnitzer FC
56%
BSG Chemie Leipzig
55%
Keine übereinstimmenden Quizze gefunden
Verteilung der Resultate
Anzahl Personen mit jedem Resultat
Perzentil nach korrekt beantworteten Fragen
Ihre Resultats-Entwicklung
Sie haben dieses Quiz noch nicht gespielt